[Event "Titled Tuesday intern op 25th May"]
[Site "Chess.com INT"]
[Date "2021.05.25"]
[Round "6"]
[White "Estrada Nieto, Julian"]
[Black "Lizlov, Alexey"]
[Result "1-0"]
[WhiteElo "2280"]
[BlackElo "2304"]
[PlyCount "59"]
[EventDate "2021.05.25"]
[EventType "swiss (blitz)"]
[EventRounds "11"]
[EventCountry "USA"]
[SourceTitle "CBM 203 Extra"]
[Source "ChessBase"]
[SourceDate "2021.09.30"]
[SourceVersion "1"]
[SourceVersionDate "2021.09.30"]
[SourceQuality "1"]

1. e4 c5 2. Nf3 Nc6 3. Bb5 g6 4. Bxc6 bxc6 5. 0-0 Bg7 6. Re1 Nf6 7. e5 Nd5 8. d4 cxd4 9. Qxd4 0-0 10. Qh4 f6 11. exf6 exf6 12. Bh6 Rb8 13. Bxg7 Kxg7 14. b3 Ne7 15. Nbd2 Nf5 16. Qf4 Bb7 17. Nc4 d5 18. Ne3 Nd6 19. Rad1 Re8 20. Nd4 Re4 21. Qxe4 Nxe4 22. Ne6+ Kf7 23. Nxd8+ Rxd8 24. f3 Nc3 25. Rd2 Re8 26. Kf2 Ba6 27. a4 f5 28. Nd1 Rxe1 29. Kxe1 Ke6 30. Nxc3 1-0

[Event "Titled Tuesday intern op 25th May"]
[Site "Chess.com INT"]
[Date "2021.05.25"]
[Round "2"]
[White "Lizlov, Alexey"]
[Black "Yang, Kaiqi"]
[Result "0-1"]
[WhiteElo "2304"]
[BlackElo "2481"]
[PlyCount "104"]
[EventDate "2021.05.25"]
[EventType "swiss (blitz)"]
[EventRounds "11"]
[EventCountry "USA"]
[SourceTitle "CBM 203 Extra"]
[Source "ChessBase"]
[SourceDate "2021.09.30"]
[SourceVersion "1"]
[SourceVersionDate "2021.09.30"]
[SourceQuality "1"]

1. e4 e6 2. Nf3 d5 3. Nc3 Nf6 4. Qe2 dxe4 5. Nxe4 Nxe4 6. Qxe4 Nd7 7. g3 Nf6 8. Qe2 Bd7 9. Ne5 Bd6 10. Nxd7 Qxd7 11. Bg2 c6 12. 0-0 0-0 13. d4 Bc7 14. Rd1 h6 15. Qf3 Qd5 16. Qxd5 cxd5 17. b3 Rab8 18. Ba3 Rfd8 19. c4 Bd6 20. Bxd6 Rxd6 21. c5 Rd7 22. b4 Rc7 23. b5 b6 24. c6 Ne8 25. Bf1 Nd6 26. Bd3 Ra8 27. Rdc1 Kf8 28. a4 Rb8 29. f4 Ke7 30. a5 bxa5 31. Rxa5 Nc8 32. Rc5 Kd6 33. Kf2 Nb6 34. Ke3 g5 35. Rc1 Rg8 36. Rca1 Nc8 37. Rf1 f5 38. fxg5 hxg5 39. h3 Rh8 40. Rh1 Rch7 41. Bf1 Rf8 42. Kf2 f4 43. Bd3 Rhf7 44. g4 Rh8 45. Kf3 Re7 46. Rh2 e5 47. dxe5+ Rxe5 48. Bf5 Re3+ 49. Kf2 Rhe8 50. Bxc8 Re2+ 51. Kf1 Rxh2 52. Rxa7 Rxc8 0-1

[Event "Titled Tuesday intern op 11th May"]
[Site "Chess.com INT"]
[Date "2021.05.11"]
[Round "5"]
[White "Lizlov, Alexey"]
[Black "Buscar, Michael"]
[Result "1-0"]
[WhiteElo "2304"]
[BlackElo "2088"]
[PlyCount "129"]
[EventDate "2021.05.11"]
[EventType "swiss (blitz)"]
[EventRounds "11"]
[EventCountry "USA"]
[SourceTitle "CBM 202 Extra"]
[Source "ChessBase"]
[SourceDate "2021.07.31"]
[SourceVersion "1"]
[SourceVersionDate "2021.07.31"]
[SourceQuality "1"]

1. e4 c5 2. Nf3 Nc6 3. c3 Nf6 4. e5 Nd5 5. d4 cxd4 6. cxd4 d6 7. Nc3 e6 8. exd6 Qxd6 9. Be2 Be7 10. 0-0 Nxc3 11. bxc3 b6 12. a4 0-0 13. Ba3 Qc7 14. Bd3 Na5 15. Bxe7 Qxe7 16. Qe2 Bb7 17. Ne5 Qg5 18. f4 Qh4 19. f5 exf5 20. Rxf5 g6 21. Rf2 Rac8 22. Nd7 Rxc3 23. Nxf8 Kxf8 24. Bb5 Qe7 25. Qd2 Re3 26. Raf1 Bd5 27. Re2 Rxe2 28. Bxe2 Nb3 29. Qh6+ Kg8 30. Bf3 Bxf3 31. Rxf3 Nxd4 32. Rf1 Nf5 33. Qf4 Qc5+ 34. Kh1 Kg7 35. Qb8 a5 36. Qf4 h5 37. h3 h4 38. Re1 Ng3+ 39. Kh2 Nf5 40. Qe5+ Qxe5+ 41. Rxe5 Nd4 42. Rd5 Ne6 43. Rd6 Nc5 44. Rxb6 Nxa4 45. Ra6 Nc3 46. Rxa5 g5 47. Rxg5+ Kh6 48. Rg4 Kh5 49. Rf4 Ne2 50. Rxf7 Ng3 51. Rf3 Ne4 52. Rf4 Ng3 53. Rf3 Ne4 54. Kg1 Kg5 55. Kf1 Nd2+ 56. Ke2 Nxf3 57. gxf3 Kf4 58. Kf2 Ke5 59. Ke3 Kf5 60. f4 Kg6 61. Kf3 Kf5 62. Ke3 Kg6 63. Ke4 Kh5 64. Kf5 Kh6 65. Kg4 1-0

[Event "Titled Tuesday intern op 11th May"]
[Site "Chess.com INT"]
[Date "2021.05.11"]
[Round "1"]
[White "Lizlov, Alexey"]
[Black "Gelman, Alexander"]
[Result "0-1"]
[WhiteElo "2304"]
[BlackElo "2403"]
[PlyCount "98"]
[EventDate "2021.05.11"]
[EventType "swiss (blitz)"]
[EventRounds "11"]
[EventCountry "USA"]
[SourceTitle "CBM 202 Extra"]
[Source "ChessBase"]
[SourceDate "2021.07.31"]
[SourceVersion "1"]
[SourceVersionDate "2021.07.31"]
[SourceQuality "1"]

1. e4 c5 2. Nf3 e6 3. c3 Nc6 4. d4 d5 5. exd5 exd5 6. Bb5 Nf6 7. 0-0 Be7 8. Ne5 Bd7 9. Nxd7 Qxd7 10. dxc5 Bxc5 11. Re1+ Be7 12. Nd2 0-0 13. Nf3 a6 14. Ne5 Qc7 15. Bxc6 bxc6 16. Nxc6 Bd6 17. Nd4 Bxh2+ 18. Kh1 Rfe8 19. Be3 Re4 20. Bg5 Rae8 21. Rxe4 Nxe4 22. Be3 Bd6 23. Qf3 g6 24. g3 h5 25. Kg2 h4 26. gxh4 Qe7 27. Rh1 Kg7 28. Qg4 Qe5 29. Nf3 Qe6 30. Qxe6 Rxe6 31. Nd4 Re8 32. Kf3 Rh8 33. Nc6 Rh5 34. Bd4+ Kf8 35. Nb4 Rf5+ 36. Ke2 a5 37. Nd3 Ke7 38. Rh3 Rh5 39. Rh1 g5 40. a3 gxh4 41. b4 a4 42. Nc5 Bxc5 43. Bxc5+ Ke6 44. Bd4 h3 45. Kf3 Rh8 46. Kg4 Rg8+ 47. Kxh3 Rg6 48. Re1 Kf5 49. Re3 Kf4 0-1

[Event "Titled Tuesday intern op 11th May"]
[Site "Chess.com INT"]
[Date "2021.05.11"]
[Round "4"]
[White "Lizlov, Alexey"]
[Black "Matthiesen, Martin"]
[Result "0-1"]
[WhiteElo "2304"]
[BlackElo "2296"]
[PlyCount "104"]
[EventDate "2021.05.11"]
[EventType "swiss (blitz)"]
[EventRounds "11"]
[EventCountry "USA"]
[SourceTitle "CBM 202 Extra"]
[Source "ChessBase"]
[SourceDate "2021.07.31"]
[SourceVersion "1"]
[SourceVersionDate "2021.07.31"]
[SourceQuality "1"]

1. e4 c6 2. Nf3 d5 3. Nc3 Bg4 4. Qe2 e6 5. exd5 Bxf3 6. Qxf3 cxd5 7. d4 Nc6 8. Ne2 Bd6 9. c3 Nge7 10. Bf4 0-0 11. Bxd6 Qxd6 12. Qf4 e5 13. dxe5 Nxe5 14. 0-0-0 Rfc8 15. g3 N7g6 16. Qd4 Ne7 17. Bg2 Rc4 18. Qd2 Ra4 19. Bxd5 Nxd5 20. Qxd5 Qxd5 21. Rxd5 Re8 22. Nf4 Rxa2 23. Kb1 Ra6 24. Re1 f6 25. Nd3 Rae6 26. Nxe5 Rxe5 27. Rdxe5 Rxe5 28. Rxe5 fxe5 29. Kc2 Kf7 30. Kd3 Ke6 31. Ke4 g6 32. c4 b6 33. h4 h6 34. f3 Kd6 35. h5 gxh5 36. Kf5 a5 37. b3 Kc5 38. Kxe5 Kb4 39. f4 Kxb3 40. f5 a4 41. f6 a3 42. f7 a2 43. f8Q a1Q+ 44. Kd5 Qd1+ 45. Kc6 Qd4 46. Qf7 Qxc4+ 47. Qxc4+ Kxc4 48. Kxb6 Kd4 49. Kb5 Ke4 50. Kc4 Kf3 51. Kd3 Kxg3 52. Ke2 Kg2 0-1

[Event "Titled Tuesday intern op 11th May"]
[Site "Chess.com INT"]
[Date "2021.05.11"]
[Round "7"]
[White "Shtyka, Sergey"]
[Black "Lizlov, Alexey"]
[Result "0-1"]
[WhiteElo "2175"]
[BlackElo "2304"]
[PlyCount "168"]
[EventDate "2021.05.11"]
[EventType "swiss (blitz)"]
[EventRounds "11"]
[EventCountry "USA"]
[SourceTitle "CBM 202 Extra"]
[Source "ChessBase"]
[SourceDate "2021.07.31"]
[SourceVersion "1"]
[SourceVersionDate "2021.07.31"]
[SourceQuality "1"]

1. e4 c5 2. Nf3 Nc6 3. d4 cxd4 4. Nxd4 Nf6 5. Nc3 d6 6. Bc4 e6 7. 0-0 a6 8. Be3 Be7 9. f4 0-0 10. Qf3 Qc7 11. Bd3 Bd7 12. Rad1 b5 13. a3 Rac8 14. Kh1 Nxd4 15. Bxd4 Bc6 16. Qg3 d5 17. e5 Ne4 18. Qe3 Nxc3 19. Bxc3 g6 20. Bd4 Bb7 21. Rf3 Bc5 22. Bxc5 Qxc5 23. Qxc5 Rxc5 24. Kg1 Rfc8 25. Rf2 a5 26. Rfd2 b4 27. axb4 axb4 28. Ra1 Ra8 29. Rxa8+ Bxa8 30. Kf2 Ra5 31. Rd1 Bc6 32. Ke3 Kf8 33. Kd4 Ke7 34. h4 h5 35. Rg1 Kd7 36. g3 Ra2 37. Rb1 Ra5 38. Be2 Kc7 39. Ke3 Kb6 40. Kd4 Bb5 41. Bf3 Ra4 42. b3 Ra2 43. Rc1 Bd7 44. g4 hxg4 45. Bxg4 Ra8 46. h5 gxh5 47. Bxh5 Rh8 48. Bf3 Rh4 49. Ke3 Kc5 50. Rd1 Bb5 51. Rd2 Rh3 52. f5 d4+ 53. Kf4 exf5 54. Rg2 Rxf3+ 55. Kg5 Bc6 56. Kf6 Bd5 57. Rg8 Be6 58. Rb8 Rf2 59. Ra8 Kd5 60. Ra5+ Ke4 61. c4 dxc3 62. Rc5 c2 63. Ke7 Kd3 64. Kf6 Kd2 65. Rc7 c1Q 66. Re7 Qc3 67. Re8 Re2 68. Rd8+ Kc2 69. Kg7 Qxe5+ 70. Kg8 Qg3+ 71. Kf8 Qc7 72. Re8 Qd6+ 73. Kg7 Rg2+ 74. Kf6 Qd4+ 75. Ke7 Rd2 76. Kf8 Qh8+ 77. Ke7 Qxe8+ 78. Kf6 Kxb3 79. Ke5 Qb8+ 80. Kf6 f4 81. Kg5 f3 82. Kf6 Qf4+ 83. Ke7 Rd7+ 84. Ke8 Qb8# 0-1

[Event "Titled Tuesday intern op 04th May"]
[Site "Chess.com INT"]
[Date "2021.05.04"]
[Round "9"]
[White "Lizlov, Alexey"]
[Black "Pandey, Srishti"]
[Result "0-1"]
[WhiteElo "2304"]
[BlackElo "2026"]
[PlyCount "52"]
[EventDate "2021.05.04"]
[EventType "swiss (blitz)"]
[EventRounds "11"]
[EventCountry "USA"]
[SourceTitle "CBM 202 Extra"]
[Source "ChessBase"]
[SourceDate "2021.07.31"]
[SourceVersion "1"]
[SourceVersionDate "2021.07.31"]
[SourceQuality "1"]

1. e4 e6 2. Nf3 d5 3. Nc3 Nf6 4. Qe2 dxe4 5. Nxe4 Be7 6. g3 Bd7 7. Ne5 Nc6 8. Nxd7 Qxd7 9. c3 e5 10. d3 0-0-0 11. Be3 Kb8 12. 0-0-0 Qd5 13. c4 Qa5 14. Nxf6 Bxf6 15. Kb1 Rhe8 16. Bg2 Nd4 17. Qd2 Qa4 18. Rhe1 a6 19. f4 exf4 20. Bxf4 Rxe1 21. Rxe1 Re8 22. Rxe8+ Qxe8 23. Qe3 Qd7 24. Qe4 Nc6 25. a3 Qd4 26. h4 Qxb2# 0-1

[Event "Titled Tuesday intern op 27th Apr"]
[Site "Chess.com INT"]
[Date "2021.04.27"]
[Round "8"]
[White "Chernomordik, Pavel"]
[Black "Lizlov, Alexey"]
[Result "1-0"]
[WhiteElo "2177"]
[BlackElo "2304"]
[PlyCount "99"]
[EventDate "2021.04.27"]
[EventType "swiss (blitz)"]
[EventRounds "11"]
[EventCountry "USA"]
[SourceTitle "CBM 202 Extra"]
[Source "ChessBase"]
[SourceDate "2021.07.31"]
[SourceVersion "1"]
[SourceVersionDate "2021.07.31"]
[SourceQuality "1"]

1. e4 c5 2. Nc3 Nc6 3. Bb5 g6 4. Bxc6 bxc6 5. f4 Bg7 6. Nf3 d6 7. 0-0 e6 8. d3 Ne7 9. Be3 0-0 10. Bf2 Rb8 11. Rb1 Ba6 12. e5 c4 13. exd6 Qxd6 14. dxc4 Qxd1 15. Rfxd1 Bxc4 16. Bxa7 Rb7 17. Bc5 Ra8 18. Ne5 Bxe5 19. fxe5 Nd5 20. Bd4 c5 21. Bxc5 Nxc3 22. bxc3 Rxb1 23. Rxb1 Bxa2 24. Ra1 Bd5 25. Rxa8+ Bxa8 26. g3 Kg7 27. Be7 g5 28. Bxg5 Be4 29. Kf2 Bxc2 30. c4 Bd3 31. c5 Be4 32. Ke3 Bc6 33. Kd4 Kg6 34. Bf4 Kf5 35. h4 h5 36. Kc4 Ke4 37. Kb4 Kd5 38. g4 hxg4 39. h5 Ke4 40. Bh2 g3 41. Bxg3 Kf5 42. h6 Kg6 43. Bf4 f6 44. exf6 Kxf6 45. Ka5 Kg6 46. Kb6 Bd5 47. c6 Bxc6 48. Kxc6 e5 49. Be3 e4 50. Kd5 1-0

[Event "Titled Tuesday intern op 27th Apr"]
[Site "Chess.com INT"]
[Date "2021.04.27"]
[Round "10"]
[White "Lizlov, Alexey"]
[Black "Abdisalimov, Abdimalik"]
[Result "1-0"]
[WhiteElo "2304"]
[BlackElo "2392"]
[PlyCount "117"]
[EventDate "2021.04.27"]
[EventType "swiss (blitz)"]
[EventRounds "11"]
[EventCountry "USA"]
[SourceTitle "CBM 202 Extra"]
[Source "ChessBase"]
[SourceDate "2021.07.31"]
[SourceVersion "1"]
[SourceVersionDate "2021.07.31"]
[SourceQuality "1"]

1. e4 e5 2. Nf3 Nc6 3. Bc4 Nf6 4. Ng5 d5 5. exd5 Na5 6. d3 h6 7. Nf3 e4 8. Qe2 Nxc4 9. dxc4 Be7 10. Nd4 0-0 11. Be3 c5 12. dxc6 Ng4 13. cxb7 Nxe3 14. bxc8Q Nxg2+ 15. Kf1 Rxc8 16. Qxe4 Nh4 17. Nd2 Bf6 18. c3 Re8 19. Qd5 Qxd5 20. cxd5 Bxd4 21. cxd4 Rc2 22. Rd1 Rxb2 23. Rg1 Rd8 24. d6 Rxa2 25. Ne4 Nf5 26. d7 Kf8 27. Nc5 Rc2 28. Rg4 Nxd4 29. Rgxd4 Rxc5 30. Kg2 Rc7 31. Rd6 a5 32. Ra6 Rcxd7 33. Rxd7 Rxd7 34. Rxa5 g6 35. Ra6 Kg7 36. h3 Rd3 37. Rb6 h5 38. Ra6 g5 39. Rb6 f6 40. Ra6 Kg6 41. Ra8 Rb3 42. Rg8+ Kf5 43. Rh8 h4 44. Ra8 Rb4 45. Ra5+ Kf4 46. Ra8 f5 47. Rf8 Rd4 48. Rf7 Ke5 49. Rf8 Kf4 50. Re8 g4 51. Rh8 Kg5 52. Rg8+ Kf6 53. Rh8 Kg5 54. Rg8+ Kf6 55. Rh8 gxh3+ 56. Kxh3 Rf4 57. Rxh4 Rxf2 58. Kg3 Rf1 59. Kg2 1-0

[Event "Titled Tuesday intern op 27th Apr"]
[Site "Chess.com INT"]
[Date "2021.04.27"]
[Round "9"]
[White "Lizlov, Alexey"]
[Black "Serikbay, Assel"]
[Result "0-1"]
[WhiteElo "2304"]
[BlackElo "2228"]
[PlyCount "86"]
[EventDate "2021.04.27"]
[EventType "swiss (blitz)"]
[EventRounds "11"]
[EventCountry "USA"]
[SourceTitle "CBM 202 Extra"]
[Source "ChessBase"]
[SourceDate "2021.07.31"]
[SourceVersion "1"]
[SourceVersionDate "2021.07.31"]
[SourceQuality "1"]

1. e4 e6 2. Nf3 d5 3. Nc3 c5 4. Qe2 d4 5. Nb1 Nc6 6. d3 e5 7. g3 Be7 8. Bg2 Nf6 9. 0-0 0-0 10. h3 Ne8 11. Ne1 f5 12. exf5 Bxf5 13. Nd2 Qd7 14. Kh2 Nd6 15. Nef3 Rae8 16. b3 Bf6 17. Ne4 Nxe4 18. dxe4 Bg6 19. Qc4+ Kh8 20. Qxc5 Bxe4 21. Ng5 Bxg2 22. Kxg2 Bxg5 23. Bxg5 e4 24. Bd2 Rf5 25. Qc4 Ne5 26. Qe2 Nf3 27. Bb4 a5 28. Ba3 Qd5 29. Rad1 Rh5 30. g4 Qg5 31. Bd6 Rxh3 32. Kxh3 Qh4+ 33. Kg2 Qxg4+ 34. Bg3 Nh4+ 35. Kh2 Qxe2 36. Bxh4 Qh5 37. Kh3 Qf5+ 38. Kg2 Qf3+ 39. Kh2 d3 40. cxd3 exd3 41. Bg3 Re6 42. Kg1 Rh6 43. Bh2 Qh3 0-1

[Event "Titled Tuesday intern op 06th Apr"]
[Site "Chess.com INT"]
[Date "2021.04.06"]
[Round "1"]
[White "Weetik, Vjacheslav"]
[Black "Lizlov, Alexey"]
[Result "1-0"]
[WhiteElo "2423"]
[BlackElo "2304"]
[PlyCount "77"]
[EventDate "2021.04.06"]
[EventType "swiss (blitz)"]
[EventRounds "11"]
[EventCountry "USA"]
[SourceTitle "CBM 201 Extra"]
[Source "ChessBase"]
[SourceDate "2021.05.31"]
[SourceVersion "1"]
[SourceVersionDate "2021.05.31"]
[SourceQuality "1"]

1. d4 Nf6 2. Bf4 g6 3. Nf3 Bg7 4. Nc3 0-0 5. e4 d6 6. h3 c6 7. Bh2 b5 8. e5 Ne8 9. a4 b4 10. Ne4 dxe5 11. dxe5 Qd5 12. Bd3 Bf5 13. Qe2 Nd7 14. g4 Bxe4 15. Bxe4 Qc5 16. Bd3 Nc7 17. 0-0 Ne6 18. Bc4 Rad8 19. a5 Nd4 20. Nxd4 Qxd4 21. Rad1 Qxb2 22. e6 Ne5 23. exf7+ Kh8 24. Rxd8 Rxd8 25. Bb3 Rf8 26. Bxe5 Bxe5 27. Rd1 Kg7 28. Rd7 Bf6 29. Rxa7 Qc1+ 30. Kg2 Qf4 31. Qf3 Qd4 32. Rb7 c5 33. Bd5 h5 34. gxh5 gxh5 35. a6 c4 36. a7 b3 37. cxb3 cxb3 38. Bxb3 h4 39. Bd5 1-0

[Event "Titled Tuesday intern op 09th Mar"]
[Site "Chess.com INT"]
[Date "2021.03.09"]
[Round "11"]
[White "Lizlov, Alexey"]
[Black "Buksa, Nataliya"]
[Result "1-0"]
[WhiteElo "2304"]
[BlackElo "2419"]
[PlyCount "61"]
[EventDate "2021.03.09"]
[EventType "swiss (blitz)"]
[EventRounds "11"]
[EventCountry "USA"]
[SourceTitle "CBM 201 Extra"]
[Source "ChessBase"]
[SourceDate "2021.05.31"]
[SourceVersion "1"]
[SourceVersionDate "2021.05.31"]
[SourceQuality "1"]

1. e4 c5 2. Nf3 a6 3. c3 Nf6 4. e5 Nd5 5. d4 cxd4 6. cxd4 Nc6 7. Nc3 Nxc3 8. bxc3 d6 9. exd6 Qxd6 10. Bd3 e6 11. a4 Be7 12. Ba3 Qc7 13. Bxe7 Qxe7 14. Qe2 0-0 15. h4 h6 16. Qe4 f5 17. Qe2 Qd6 18. Rd1 Bd7 19. 0-0 Rae8 20. Rfe1 Na5 21. Ne5 Rc8 22. Rc1 Bxa4 23. Ng6 Rfe8 24. h5 b5 25. Bxf5 exf5 26. Qxe8+ Rxe8 27. Rxe8+ Kf7 28. Rce1 Nc6 29. d5 b4 30. R1e6 Nd8 31. Nh8# 1-0

[Event "Titled Tuesday intern op 09th Mar"]
[Site "Chess.com INT"]
[Date "2021.03.09"]
[Round "10"]
[White "Lizlov, Alexey"]
[Black "Polok, Kacper"]
[Result "0-1"]
[WhiteElo "2304"]
[BlackElo "2272"]
[PlyCount "74"]
[EventDate "2021.03.09"]
[EventType "swiss (blitz)"]
[EventRounds "11"]
[EventCountry "USA"]
[SourceTitle "CBM 201 Extra"]
[Source "ChessBase"]
[SourceDate "2021.05.31"]
[SourceVersion "1"]
[SourceVersionDate "2021.05.31"]
[SourceQuality "1"]

1. e4 e6 2. Nf3 d5 3. Nc3 Nf6 4. Qe2 d4 5. Nb1 c5 6. d3 Nc6 7. g3 e5 8. Bg2 Bd6 9. 0-0 h6 10. h3 Be6 11. c4 Nh7 12. a3 Ng5 13. h4 Nxf3+ 14. Bxf3 g5 15. h5 Qd7 16. g4 a6 17. Re1 b5 18. b3 Ne7 19. Nd2 Ng8 20. Nf1 Nf6 21. Nh2 Rg8 22. Bd2 Nxh5 23. gxh5 g4 24. Bg2 g3 25. fxg3 Rxg3 26. Qf2 Rg8 27. Kh1 0-0-0 28. Rg1 f5 29. exf5 Bxf5 30. Qf3 e4 31. dxe4 Bg4 32. Qd3 Bxh2 33. Kxh2 Qd6+ 34. Kh1 Qe5 35. Rgf1 Qxh5+ 36. Kg1 Be2 37. Qh3+ Qxh3 0-1

[Event "Titled Tuesday intern op 09th Mar"]
[Site "Chess.com INT"]
[Date "2021.03.09"]
[Round "4"]
[White "Trapeznikova, Darya"]
[Black "Lizlov, Alexey"]
[Result "1/2-1/2"]
[WhiteElo "2065"]
[BlackElo "2304"]
[PlyCount "63"]
[EventDate "2021.03.09"]
[EventType "swiss (blitz)"]
[EventRounds "11"]
[EventCountry "USA"]
[SourceTitle "CBM 201 Extra"]
[Source "ChessBase"]
[SourceDate "2021.05.31"]
[SourceVersion "1"]
[SourceVersionDate "2021.05.31"]
[SourceQuality "1"]

1. e4 c5 2. c3 e5 3. Nf3 Nc6 4. d4 cxd4 5. cxd4 exd4 6. Nxd4 Nf6 7. Nc3 Bb4 8. f3 d5 9. Bb5 Bd7 10. Bxc6 Bxc6 11. Nxc6 bxc6 12. exd5 0-0 13. 0-0 cxd5 14. Bg5 Bxc3 15. bxc3 h6 16. Bxf6 Qxf6 17. Qxd5 Qxc3 18. Rac1 Qe3+ 19. Kh1 Rad8 20. Qa5 Rd2 21. Rce1 Qd3 22. Qxa7 Qc2 23. Rg1 Qxa2 24. Qxa2 Rxa2 25. g3 Rd8 26. Rg2 Rdd2 27. Rxd2 Rxd2 28. Kg1 Kh7 29. Rf1 f5 30. Rf2 Rd3 31. Kg2 Kg6 32. Rb2 1/2-1/2

[Event "Titled Tuesday intern op 02nd Mar"]
[Site "Chess.com INT"]
[Date "2021.03.02"]
[Round "8"]
[White "Grineva, Marianna"]
[Black "Lizlov, Alexey"]
[Result "1-0"]
[WhiteElo "1997"]
[BlackElo "2304"]
[PlyCount "89"]
[EventDate "2021.03.02"]
[EventType "swiss (blitz)"]
[EventRounds "11"]
[EventCountry "USA"]
[SourceTitle "CBM 201 Extra"]
[Source "ChessBase"]
[SourceDate "2021.05.31"]
[SourceVersion "1"]
[SourceVersionDate "2021.05.31"]
[SourceQuality "1"]

1. e4 c5 2. Nf3 Nc6 3. d4 cxd4 4. Nxd4 Nf6 5. Nc3 d6 6. f3 e6 7. Be3 Be7 8. Qd2 0-0 9. 0-0-0 a6 10. g4 Qc7 11. h4 b5 12. Nxc6 Qxc6 13. g5 Nd7 14. Ne2 e5 15. Nc3 Nc5 16. Nd5 Bd8 17. h5 Be6 18. Kb1 Rc8 19. c4 Na4 20. Rc1 Bxd5 21. exd5 Qb7 22. Qb4 Bb6 23. Bxb6 Qxb6 24. Bh3 Rc5 25. Bd7 Rd8 26. Bc6 Rb8 27. Rh2 a5 28. Qb3 Rxc6 29. dxc6 Qd4 30. cxb5 Nc5 31. Qc4 Qe3 32. c7 Rc8 33. b6 Qxf3 34. Rhc2 Qb7 35. g6 Qxb6 36. Qxf7+ Kh8 37. Rxc5 dxc5 38. Rf1 Qd6 39. gxh7 Kxh7 40. Qf5+ Kh6 41. Rg1 Rf8 42. Rg6+ Kh7 43. Rf6+ Kh8 44. Rxf8+ Qxf8 45. Qxf8+ 1-0

[Event "Titled Tuesday intern op 23rd Feb"]
[Site "Chess.com INT"]
[Date "2021.02.23"]
[Round "9"]
[White "Lizlov, Alexey"]
[Black "Baskin, Robert"]
[Result "0-1"]
[WhiteElo "2304"]
[BlackElo "2390"]
[PlyCount "56"]
[EventDate "2021.02.23"]
[EventType "swiss (blitz)"]
[EventRounds "11"]
[EventCountry "USA"]
[SourceTitle "CBM 200 Extra"]
[Source "ChessBase"]
[SourceDate "2021.03.31"]
[SourceVersion "1"]
[SourceVersionDate "2021.03.31"]
[SourceQuality "1"]

1. e4 c5 2. Nf3 Nc6 3. c3 Nf6 4. e5 Nd5 5. d4 cxd4 6. cxd4 d6 7. Nc3 Nxc3 8. bxc3 g6 9. exd6 Qxd6 10. Bc4 Bg7 11. 0-0 0-0 12. Re1 Na5 13. Bd3 Be6 14. Qa4 b6 15. Ba3 Qc7 16. Rac1 Rfe8 17. Bb5 Rec8 18. d5 Bxd5 19. Rxe7 Qb8 20. Nd4 a6 21. Bd7 Rc4 22. Re8+ Qxe8 23. Bxe8 Rxa4 24. Bxa4 Bxa2 25. Bd6 Bd5 26. Bc7 Nc4 27. Bb3 b5 28. Ra1 Rc8 0-1

[Event "Titled Tuesday intern op 23rd Feb"]
[Site "Chess.com INT"]
[Date "2021.02.23"]
[Round "6"]
[White "Skatchkov, Valery"]
[Black "Lizlov, Alexey"]
[Result "1-0"]
[WhiteElo "2283"]
[BlackElo "2304"]
[PlyCount "93"]
[EventDate "2021.02.23"]
[EventType "swiss (blitz)"]
[EventRounds "11"]
[EventCountry "USA"]
[SourceTitle "CBM 200 Extra"]
[Source "ChessBase"]
[SourceDate "2021.03.31"]
[SourceVersion "1"]
[SourceVersionDate "2021.03.31"]
[SourceQuality "1"]

1. d4 Nf6 2. c4 g6 3. Nf3 Bg7 4. Nc3 0-0 5. e4 d6 6. Be2 e5 7. 0-0 Nc6 8. dxe5 Nxe5 9. Nxe5 dxe5 10. Bg5 c6 11. Qc1 Qb6 12. b3 Re8 13. Bh6 Qd4 14. Bxg7 Kxg7 15. Qc2 Be6 16. Rad1 Qc5 17. Na4 Qb4 18. Qd2 Qxd2 19. Rxd2 Nxe4 20. Rd3 Rad8 21. Rfd1 Rxd3 22. Rxd3 b6 23. Bf3 Bf5 24. Re3 Nd2 25. Bxc6 Re6 26. Bd5 Re7 27. Nc3 e4 28. Re2 e3 29. fxe3 Ne4 30. Nxe4 Bxe4 31. Bxe4 Rxe4 32. Kf2 Kf6 33. Rd2 Ke7 34. Rd5 Re6 35. a4 f5 36. a5 Rc6 37. a6 Rc5 38. Rxc5 bxc5 39. Kf3 Kf6 40. e4 Ke5 41. exf5 Kxf5 42. Ke3 Ke5 43. g3 h5 44. Kd3 Kf5 45. b4 cxb4 46. c5 Ke5 47. Kc4 1-0

[Event "Titled Tuesday intern op 16th Feb"]
[Site "Chess.com INT"]
[Date "2021.02.16"]
[Round "9"]
[White "Gelman, Alexander"]
[Black "Lizlov, Alexey"]
[Result "0-1"]
[WhiteElo "2403"]
[BlackElo "2304"]
[PlyCount "50"]
[EventDate "2021.02.16"]
[EventType "swiss (blitz)"]
[EventRounds "11"]
[EventCountry "USA"]
[SourceTitle "EXT 2022"]
[Source "ChessBase"]
[SourceDate "2021.10.06"]
[SourceVersion "1"]
[SourceVersionDate "2021.10.06"]
[SourceQuality "1"]

1. d4 Nf6 2. Nc3 d5 3. Bf4 c6 4. f3 g6 5. e4 Bg7 6. Qd2 0-0 7. e5 Ne8 8. h4 c5 9. dxc5 d4 10. Ne4 Nc6 11. h5 Nxe5 12. hxg6 fxg6 13. 0-0-0 d3 14. Bxd3 Nxd3+ 15. cxd3 Be6 16. Bh6 Bxa2 17. Bxg7 Nxg7 18. Qh6 Nh5 19. Ng5 Rf7 20. Nxf7 Bxf7 21. Nh3 Qa5 22. Nf4 Qxc5+ 23. Kb1 Qa5 24. Ne2 Rc8 25. Qd2 Qa2# 0-1

[Event "Titled Tuesday intern op 16th Feb"]
[Site "Chess.com INT"]
[Date "2021.02.16"]
[Round "8"]
[White "Lizlov, Alexey"]
[Black "Vaishali, Ramesh Babu"]
[Result "0-1"]
[WhiteElo "2304"]
[BlackElo "2393"]
[PlyCount "72"]
[EventDate "2021.02.16"]
[EventType "swiss (blitz)"]
[EventRounds "11"]
[EventCountry "USA"]
[SourceTitle "EXT 2022"]
[Source "ChessBase"]
[SourceDate "2021.10.06"]
[SourceVersion "1"]
[SourceVersionDate "2021.10.06"]
[SourceQuality "1"]

1. e4 c5 2. Nf3 d6 3. c3 Nf6 4. Qb3 Nc6 5. d4 cxd4 6. cxd4 e6 7. Nc3 Be7 8. Bd3 0-0 9. 0-0 a6 10. a4 Bd7 11. Re1 b5 12. axb5 axb5 13. Rxa8 Qxa8 14. e5 Nd5 15. Nxd5 exd5 16. Qxd5 Nb4 17. Qxa8 Rxa8 18. Bf1 Bc6 19. Ng5 dxe5 20. dxe5 Ra1 21. Bd2 Rxe1 22. Bxe1 Nc2 23. Bd2 Nd4 24. Bd3 h6 25. Ne4 b4 26. f3 Kf8 27. Kf2 Nb3 28. Be3 Ke8 29. Bc4 Na5 30. Bd3 Kd7 31. Nc5+ Ke8 32. Na6 Kd7 33. Bc5 Bd8 34. Nxb4 Ba4 35. Bd4 Nb3 36. Bc3 Nc5 0-1

[Event "Titled Tuesday intern op 09th Feb"]
[Site "Chess.com INT"]
[Date "2021.02.09"]
[Round "10"]
[White "Lizlov, Alexey"]
[Black "Fiorito, Fabian"]
[Result "1-0"]
[WhiteElo "2304"]
[BlackElo "2380"]
[PlyCount "49"]
[EventDate "2021.02.09"]
[EventType "swiss (blitz)"]
[EventRounds "11"]
[EventCountry "USA"]
[SourceTitle "EXT 2022"]
[Source "ChessBase"]
[SourceDate "2021.10.06"]
[SourceVersion "1"]
[SourceVersionDate "2021.10.06"]
[SourceQuality "1"]

1. e4 c5 2. Nf3 Nc6 3. c3 Nf6 4. e5 Nd5 5. d4 cxd4 6. cxd4 d6 7. Nc3 Nxc3 8. bxc3 dxe5 9. d5 Nb8 10. Nxe5 Nd7 11. Bb5 Qc7 12. Nxd7 Bxd7 13. Bxd7+ Qxd7 14. 0-0 g6 15. Qd4 f6 16. Re1 Kf7 17. Re6 Rd8 18. Ba3 Bg7 19. Rxe7+ Qxe7 20. Bxe7 Kxe7 21. Re1+ Kf7 22. d6 Rd7 23. Qd5+ Kf8 24. Qe6 Rd8 25. Qe7+ 1-0